| 000 | 00492nam a22001697a 4500 | ||
|---|---|---|---|
| 999 |
_c16770 _d16770 |
||
| 008 | 220330b ||||| |||| 00| 0 eng d | ||
| 020 | _a9789353169787 | ||
| 082 |
_22021 _aDC 658.872 _bG959 |
||
| 100 |
_aGupta, Seema _944844 |
||
| 245 |
_aDigital marketing/ _cSeema Gupta |
||
| 250 | _aSecond edition | ||
| 260 |
_aIndia: _bMc Graw Hill, _c©2021. |
||
| 300 |
_ax, 530 pages: _billustrations; _c24 cm. |
||
| 500 | _aIncludes index. | ||
| 650 |
_a Internet marketing _944845 |
||
| 942 |
_2ddc _cDC |
||